Регионална библиотека "Любен Каравелов" - Русе

История на българския театър (Запис номер 15754)

MARC детайли
000 -Лидер
Контролно поле с фиксирана дължина 01304nam a2200325 c 4500
003 - Код на организацията, давaща контролен номер
Контролно поле BLK
005 - Дата и час на последна редакция
Контролно поле 20180420215104.0
008 - Елементи от данни с фиксирана дължина
fixed length control field 180413b bul|||||r ||||||| ||bul||
010 ## - Наследен системен номер
LC control number KNG00017557000
020 ## - Международен стандартен номер на книга ISBN
Международен стандартен номер на книга ISBN 954-430-441-Х
-- издат.: Акад. изд. Проф. Марин Дринов - на том(т. 2)
040 ## - Източник на каталожния запис
Идентификатор на билиотеката - собственик на записа BLK
041 ## - Код за език
Код за езика на текст/звукозапис или на отделно заглавие Български
Код за езика КДБФ Български
080 ## - УДК
Текстов определител УДК История на театъра. Периоди и стилове
УДК код - определител по УДК 792.03
УДК определител (497.2)
УДК - код + определител 792.03(497.2)
139 ## - Редно поле
Редна дума История на българския театър
Авторски знак Истор - И 95
245 10 - Сведения за заглавието
Заглавие История на българския театър
Подзаглавни данни Т. 1 -
Том Т. 2
Заглавие на том От Освобождението до 1904 г.
257 ## - Страна на издаване
Страна на създаване/издаване България
260 ## - Област на издателските данни
-- София
Година на издаване 1997 -
300 ## - Физическа характеристика
Размери/Мащаб 24 см
380 ## - Жанр
Жанр Изкуство
650 #4 - Допълнително описание по предмет – тема
Основно описание – тема или топоним Театър - България - история
9 (RLIN) 260534
651 #4 - Допълнително описание по предмет - топоним
Географско понятие България
9 (RLIN) 241624
653 ## - Ключова дума – ненормативна
Ключова дума български театър
653 ## - Ключова дума – ненормативна
Ключова дума история
760 1# - Описание на основната серия
-- - на том(т. 2)
Място на издаване, издател и година Акад. изд. Проф. Марин Дринов, 1997
Страници - том 187 с.
Заглавие Т. 2 От Освобождението до 1904 г.
852 ## - Местоположение
Форматна сигнатура Цб 192326
856 4# - Електронен адрес и достъп
Електронен формат pdf - файл
Път до файла /url/
856 4# - Електронен адрес и достъп
Електронен формат pdf - файл
Път до файла /url/
942 ## - АРТИКУЛИ
Вид на библиотечния материал Книги
Скрит в OPAC Не
944 ## - СЪЗДАВАНЕ И РЕДАКЦИЯ на ЗАПИСА
Създаване/Редакция Създаване
Дата на регистрацията/редакция 15.01.2003
Статус, дата на статуса ф /
Служител, извършил регистрацията/редакцията AB_DOS
944 ## - СЪЗДАВАНЕ И РЕДАКЦИЯ на ЗАПИСА
Създаване/Редакция Редакция
Дата на регистрацията/редакция 05.04.2016
Статус, дата на статуса ф /
Служител, извършил регистрацията/редакцията Людмила_Стоянова
999 ## - СИСТЕМНИ КОНТРОЛНИ НОМЕРА
Koha biblionumber 15754
Koha biblioitemnumber 15754
Наличности
Код за отписване Код за изгубен артикул Източник на класификационната схема Код за повреда Коз за рестрикции Код за отдаване Артикулен № Име на библиотеката - собственик Име на библиотеката, в която се намира в момента Статус (Текущо местоположение) Дата на вписване в системата Местоположение - отдел Цена в лева Инвентарен номер Систематично азбучна сигнатура Баркод Номер на екземпляра Цена в евро Служебна бележка Служебен тип на артикула
  Не е изгубен Universal Decimal Classification Не е повреден само за читалня ползва се в читалня 26686 Регионална библиотека "Любен Каравелов" Русе Регионална библиотека "Любен Каравелов" Русе Хранилище 2001-01-01 Хранилище 0.00 632828 Цб 192326 120000632828 1 0.00 Дост: Dp Вид: Д N: стар фонд Дата: 01.01.1997 Книги
  Не е изгубен Universal Decimal Classification Не е повреден без рестрикции заемане за дома 26687 Регионална библиотека "Любен Каравелов" Русе Регионална библиотека "Любен Каравелов" Русе Отдел Изкуство - подръчен фонд 1997-01-01 Отдел Изкуство - подръчен фонд 2.20 631399 792(497.2)/И 95 120000631399 2 1.12 Дост: Pk Вид: Ф N: стар фонд Дата: 01.01.1997 Дата инв: 18.06.2012 Бележки инв: Книги
Vip Innovations Ltd, Rousse, Bulgaria 2025